000 00526nam a2200157 i 4500
001 94637
003 ES-MaACL
005 20230906181526.0
007 t|
008 050511s1913 fr ||||1| fre d
100 1 _aLote, René.
_974293
245 1 3 _aLa France et l'esprit français jugés par le "Mercure" de Wieland (1773-1797)
_b: répertoire bibliographique, précédé d'une introduction /
_cRené Lote.
260 _aParis :
_b[s.n.],
_c1913 (
_fImp. Oberthur)
300 _a171 p. ;
_c25 cm.
852 _aES-MaACL
_jF-9399
999 _c94637
_d94637